[Event "Berlin-ch U18"]
[Site "Berlin"]
[Date "2006.02.04"]
[Round "7.7"]
[White "Janke, Jeffrey"]
[Black "Toman, Stefan"]
[Result "0-1"]
[WhiteElo "1588"]
[BlackElo "1519"]
[PlyCount "58"]
[EventDate "2006.01.29"]
[EventType "swiss"]
[EventRounds "7"]
[EventCountry "GER"]
[SourceTitle "EXT 2022"]
[Source "ChessBase"]
[SourceDate "2021.10.06"]
[SourceVersion "1"]
[SourceVersionDate "2021.10.06"]
[SourceQuality "1"]

1. e4 c5 2. Nf3 Nc6 3. d4 cxd4 4. Nxd4 e5 5. Nb5 d6 6. N1c3 a6 7. Na3 b5 8. Nd5 Nf6 9. Bg5 Be7 10. Bxf6 Bxf6 11. c3 Bb7 12. Nc2 Bg5 13. a4 bxa4 14. Rxa4 Ne7 15. Rb4 Bxd5 16. exd5 0-0 17. h4 Bh6 18. Ne3 a5 19. Rb5 Bxe3 20. fxe3 f5 21. c4 Rb8 22. Qa4 Rxb5 23. cxb5 Qb6 24. Qb3 Rb8 25. Kf2 Qc5 26. Be2 Qxd5 27. Qxd5+ Nxd5 28. Rd1 Nf6 29. Rxd6 Ne4+ 0-1

[Event "Berlin-ch U18"]
[Site "Berlin"]
[Date "2006.02.03"]
[Round "6.8"]
[White "Toman, Stefan"]
[Black "Meissner, Jan Eric"]
[Result "1-0"]
[WhiteElo "1519"]
[BlackElo "1425"]
[PlyCount "77"]
[EventDate "2006.01.29"]
[EventType "swiss"]
[EventRounds "7"]
[EventCountry "GER"]
[SourceTitle "EXT 2022"]
[Source "ChessBase"]
[SourceDate "2021.10.06"]
[SourceVersion "1"]
[SourceVersionDate "2021.10.06"]
[SourceQuality "1"]

1. c4 c5 2. Nc3 Nc6 3. g3 g6 4. Bg2 Bg7 5. d3 Nf6 6. Bg5 0-0 7. Qd2 Re8 8. Nf3 d6 9. Bh6 Bh8 10. Qf4 Qd7 11. Ng5 Qf5 12. Qxf5 Bxf5 13. h3 Bd7 14. 0-0 Rab8 15. Rab1 a6 16. a3 b5 17. Nd5 Nxd5 18. Bxd5 e6 19. Bg2 bxc4 20. dxc4 Rxb2 21. Rxb2 Bxb2 22. Rd1 Nd4 23. Ne4 Nf5 24. Nxd6 Nxd6 25. Rxd6 Re7 26. Rxa6 f6 27. Be3 Bd4 28. Bxd4 cxd4 29. c5 Kf7 30. Kf1 e5 31. Ke1 f5 32. Kd2 e4 33. Rb6 Be6 34. f3 exf3 35. Bxf3 Rd7 36. Kd3 h6 37. Rb7 Ke8 38. Rxd7 Kxd7 39. Kxd4 1-0

[Event "Berlin-ch U18"]
[Site "Berlin"]
[Date "2006.02.02"]
[Round "5.9"]
[White "Huth, Ricardo"]
[Black "Toman, Stefan"]
[Result "0-1"]
[WhiteElo "1607"]
[BlackElo "1519"]
[PlyCount "92"]
[EventDate "2006.01.29"]
[EventType "swiss"]
[EventRounds "7"]
[EventCountry "GER"]
[SourceTitle "EXT 2022"]
[Source "ChessBase"]
[SourceDate "2021.10.06"]
[SourceVersion "1"]
[SourceVersionDate "2021.10.06"]
[SourceQuality "1"]

1. e4 c5 2. Nf3 Nc6 3. d4 cxd4 4. Nxd4 e5 5. Nb5 d6 6. N1c3 a6 7. Na3 b5 8. Nd5 Nf6 9. Bg5 Be7 10. Bxf6 Bxf6 11. c3 0-0 12. Nc2 Bb7 13. Bd3 Bg5 14. 0-0 Ne7 15. Nxe7+ Qxe7 16. Nb4 Rac8 17. Qe2 Qe6 18. Bc2 Bd8 19. Bb3 Qg6 20. Nd5 Kh8 21. Rad1 f5 22. exf5 Qxf5 23. Bc2 Qf7 24. Bb3 Rc5 25. Qd3 Qd7 26. Qg3 a5 27. a3 Bc6 28. Qd3 Qb7 29. Bc2 g6 30. Ne3 Rf6 31. Rfe1 Qf7 32. Rd2 Be7 33. b4 axb4 34. axb4 e4 35. Qd4 Rg5 36. Bxe4 Bxe4 37. Qxe4 Re5 38. Qd3 Bd8 39. Ra1 Bb6 40. Raa2 Bxe3 41. fxe3 Rxe3 42. Qb1 Rxc3 43. Ra8+ Kg7 44. Qa1 Qc4 45. Qe1 Rc1 46. Rd1 Qd4+ 0-1

[Event "Berlin-ch U16"]
[Site "Berlin"]
[Date "2004.02.06"]
[Round "6"]
[White "Toman, Stefan"]
[Black "Zur, Jan"]
[Result "1/2-1/2"]
[WhiteElo "1365"]
[BlackElo "1790"]
[PlyCount "111"]
[EventDate "2004.04.??"]
[EventType "swiss"]
[EventRounds "7"]
[EventCountry "GER"]
[SourceTitle "EXT 2005"]
[Source "ChessBase"]
[SourceDate "2004.11.15"]
[SourceVersion "1"]
[SourceVersionDate "2004.11.15"]
[SourceQuality "1"]

1. c4 e5 2. Nc3 Nf6 3. g3 d5 4. cxd5 Nxd5 5. Bg2 Be6 6. Nf3 Nc6 7. 0-0 Qd7 8. Ng5 Nxc3 9. dxc3 f6 10. Nxe6 Qxe6 11. Be3 e4 12. Qa4 f5 13. Rfd1 Be7 14. Qb5 b6 15. Rd5 0-0 16. Bh3 a6 17. Qb3 g6 18. Rad1 Rfe8 19. Bf4 Na5 20. Qa4 c5 21. Re5 Qc6 22. Qxc6 Nxc6 23. Red5 Rad8 24. Bc7 Rxd5 25. Rxd5 Bd8 26. Rd7 Bxc7 27. Rxc7 Ne5 28. Rb7 Re6 29. Rb8+ Kf7 30. Rd8 Nc4 31. b3 Na5 32. c4 Nc6 33. Rd7+ Re7 34. Rd2 Nd4 35. Kf1 Ke6 36. Bg2 Ke5 37. f4+ Ke6 38. e3 Nc6 39. Ke1 h5 40. Bf1 Rd7 41. Be2 Rxd2 42. Kxd2 a5 43. a3 Ne7 44. Kc3 Kd6 45. h3 Nc8 46. Bd1 Na7 47. Be2 Kc6 48. a4 Kd6 49. Kc2 Nc6 50. Kc3 Ke6 51. Kd2 Kf6 52. h4 Ke6 53. Kc3 Kd6 54. Kc2 Nd8 55. Kc3 Ne6 56. Bd1 1/2-1/2

[Event "GER North-ch U12"]
[Site "Langeoog"]
[Date "2001.10.02"]
[Round "5.6"]
[White "Opaska, Ines"]
[Black "Toman, Stefan"]
[Result "0-1"]
[WhiteElo "1294"]
[BlackElo "1186"]
[PlyCount "50"]
[EventDate "2001.10.??"]
[EventType "swiss"]
[EventRounds "5"]
[EventCountry "GER"]
[SourceTitle "EXT 2003"]
[Source "ChessBase"]
[SourceDate "2002.11.25"]
[SourceVersion "1"]
[SourceVersionDate "2002.11.25"]
[SourceQuality "1"]

1. c4 c5 2. Nf3 Nc6 3. g3 g6 4. Bg2 Bg7 5. Nc3 e6 6. 0-0 Nge7 7. d3 0-0 8. Bf4 d5 9. Rc1 d4 10. Ne4 b6 11. Re1 e5 12. Bd2 Bf5 13. e3 Re8 14. exd4 exd4 15. Bf4 Nc8 16. Nfd2 Ne5 17. Bxe5 Bxe5 18. f4 Bg7 19. Nf6+ Bxf6 20. Bxa8 Bxd3 21. Bg2 Nd6 22. Nf3 Bxc4 23. Qa4 Rxe1+ 24. Nxe1 Qe7 25. Nf3 Qe3+ 0-1